000 00787nam a2200229 a 4500
001 20961
003 BD-RjUL
005 20240131152507.0
008 140302r19661934enk 000 1 eng d
035 _a(BD-RjUL)20961
040 _aBDS
_beng
_cBD-RjUL
_dBD-RjUL
041 _aeng
082 0 _a823.912
_221
_bSHB 1954
100 1 _aShaw, Bernard,
_d1856-1950.
_964758
245 1 4 _aThe black girl in search of God and some lesser tales /
_cBernard Shaw wood engravings by John Farleigh
260 _aLondon :
_bConstable and Company,
_c1934 [Reprinted 1954,1966].
300 _avii, 304 p. :
_bill. ;
_c20 cm.
500 _aOriginally published: London : Constable, 1934.
650 _aAmerican drama
_964759
830 0 _aPenguin twentieth-century classics
_911315
942 _2ddc
_cBK
999 _c20961
_d20961